Capital City Chain Quiz - Statistics

General Stats
  • This quiz has been taken 57 times
    51 since last reset
  • The average score is 12 of 22
Answer Stats
Starting Letter Capital % Correct
K Kiev
97%
K Kiev
97%
V Vaduz
84%
Z Zagreb
82%
B Baghdad
68%
D Dublin
61%
I Islamabad
61%
R Reykjavik
58%
N Nairobi
55%
U Ulaanbaatar
50%
A Amsterdam
47%
D Dakar
47%
O Oslo
47%
O Ottawa
47%
M Minsk
45%
R Rabat
45%
T Tokyo
42%
Y Yerevan / Yaren
39%
K Kabul
37%
L Luxembourg
34%
G Guatemala City
29%
N Nassau
26%
No matching quizzes found
Score Distribution
Percent of People with Each Score
Percentile by Number Answered
Your Score History
You have not taken this quiz since the last reset